Prestaciones por desempleo y duración del paro
Guardat en:
| Autor principal: | |
|---|---|
| Format: | Llibre |
| Idioma: | espanyol |
| Publicat: |
Madrid
Consejo Económico y Social
1996
|
| Edició: | 1a. ed |
| Col·lecció: | Colección Estudios, 23
|
| Matèries: | |
| Etiquetes: |
Afegir etiqueta
Sense etiquetes, Sigues el primer a etiquetar aquest registre!
|
MARC
| LEADER | 00000nam a2200000 a 4500 | ||
|---|---|---|---|
| 001 | UCK3832 | ||
| 003 | CL-VaPUC | ||
| 008 | 050513e19960000SP |||||||||||||||||spa|d | ||
| 020 | |a 8481880248 | ||
| 082 | 0 | 4 | |a 331.1 |b GAR |2 21 |
| 100 | 0 | |a García Brosa, Gemma |e author |9 492173 | |
| 245 | 1 | 0 | |a Prestaciones por desempleo y duración del paro |
| 250 | |a 1a. ed | ||
| 300 | |a 204 p | ||
| 942 | |c BK | ||
| 945 | |d 20050513 00:00:00 |a cmena | ||
| 260 | |a Madrid |b Consejo Económico y Social |c 1996 | ||
| 650 | 0 | |a Mercado laboral |9 375911 | |
| 650 | 0 | |a Desempleo |9 257579 | |
| 650 | 0 | |a Muestreo (Estadística) |9 270232 | |
| 583 | |a last modification |c 20050513 00:00:00 |k Rodrigo Vera | ||
| 490 | 0 | |a Colección Estudios, 23 | |
| 999 | |c 312884 |d 312882 | ||
| 952 | |0 0 |1 0 |4 0 |6 331_100000000000000_GAR_1996 |7 0 |8 A |9 383730 |a BIBGIM |b BIBGIM |d 2019-11-22 |i 4100115 |o 331.1 GAR 1996 |p 4100115 |r 2025-01-15 |w 2019-11-22 |y BK |k GIM | ||